Statistics for Државе немачког говорног подручја

Click here to take the quiz!

General Stats

  • This quiz has been taken 275 times
  • The average score is 5 of 6

Answer Stats

% говорникаДржава% Correct
92%Немачка
98%
93%Аустрија
95%
65%Швајцарска
90%
0.6%Белгија
67%
86%Лихтенштајн
66%
2%Луксембург
66%

Score Distribution

Percentile by Number Answered

Percent of People with Each Score

Your Score History

You have not taken this quiz